| 000 | 00000nam##2200000za#4500 |
| 001 | 9.602244 |
| 003 | CaOODSP |
| 005 | 20210624210456 |
| 007 | cr ||||||||||| |
| 008 | 150406|2001||||xxc|||||o f|0| 0 fre|d |
| 040 | |aCaOODSP|bfre |
| 043 | |an-cn--- |
| 086 | 1 |aNH18-24/4F-PDF |
| 110 | 2 |aSociété canadienne d'hypothèques et de logement. |
| 245 | 10|aChauffage à eau chaude par rayonnement par le sol |h[ressource électronique] |
| 250 | |aRév. 2001 |
| 260 | |aOttawa - Ontario : |bSociété canadienne d'hypothèques et de logement |cc1995. |
| 300 | |a4p. |
| 490 | 1 |aVotre maison |vCF4 |
| 590 | |a11-23-Supp|b2011-10-17 |
| 691 | 07|aChauffage|2gcpds |
| 691 | 07|aRendement énergétique|2gcpds |
| 691 | 07|aLogement|2gcpds |
| 775 | 08|tRadiant hydronic floor heating |w(CaOODSP)9.571821 |
| 776 | 0#|tChauffage à eau chaude par rayonnement par le sol |w(CaOODSP)9.625684 |
| 830 | #0|aVotre maison ;|vCF4|w(CaOODSP)9.501787 |
| 856 | 40|ahttp://publications.gc.ca|qPDF|s97 Ko|uhttps://publications.gc.ca/collections/Collection/NH18-24-4F.pdf|yCF4 |